| 000 | 00577cam a22002171 4500 | ||
|---|---|---|---|
| 001 | 6565673 | ||
| 005 | 20180315092456.0 | ||
| 008 | 720606s1962 nju 000 0 eng | ||
| 010 | _a 62012665 | ||
| 035 | _a(OCoLC)326116 | ||
| 040 |
_aDLC _cODaWU _dOCoLC _dDLC |
||
| 041 | _aeng | ||
| 042 | _apremarc | ||
| 080 | _a801.9 GER | ||
| 082 | _a801.9 GER | ||
| 100 | 1 | _a25 | |
| 101 | _aEDU | ||
| 245 | 1 | 4 |
_aThe modern critical spectrum, _cedited by Gerald Jay Goldberg [and] Nancy Marmer Goldberg. |
| 906 |
_a7 _bcbc _coclcrpl _du _encip _f19 _gy-gencatlg |
||
| 942 |
_2ddc _cBK |
||
| 999 |
_c45167 _d45167 |
||